Guess the 1970s song lyrics #337 - Statistics

General Stats
  • This quiz has been taken 13 times
  • The average score is 37 of 124
Answer Stats
Answer % Correct
love
80%
the
80%
a
70%
And
70%
and
70%
on
70%
to
70%
be
60%
Do
60%
in
60%
you
60%
is
50%
it
50%
It's
50%
her
40%
Muskrat
40%
muskrat
40%
my
40%
Now
40%
they
40%
at
30%
goes
30%
like
30%
Sam
30%
Suzie
30%
as
20%
Looks
20%
right
20%
says
20%
so
20%
would
20%
yes
20%
above
10%
anything
10%
giggle
10%
heavens
10%
he's
10%
Land
10%
please
10%
Singing
10%
starts
10%
with
10%
bacon
0%
Candlelight
0%
cheese
0%
Chewing
0%
Doin
0%
doin
0%
evening
0%
fancy
0%
Float
0%
Floating
0%
Honey
0%
jangle
0%
jingling
0%
jitterbug
0%
kisses
0%
Mrs
0%
Muzzle
0%
muzzle
0%
Nibbling
0%
pleasing
0%
pretty
0%
Rubbing
0%
shimmy
0%
skinny
0%
Sue
0%
tango
0%
tickling
0%
toes
0%
town
0%
twirl
0%
twirled
0%
whirl
0%
whirled
0%
wriggle
0%
No matching quizzes found
Score Distribution
Percent of People with Each Score
Percentile by Number Answered
Your Score History
You have not taken this quiz